| 000 | 00533nam a2200181 i 4500 | ||
|---|---|---|---|
| 001 | 40006 | ||
| 003 | ES-MaACL | ||
| 005 | 20230906160124.0 | ||
| 007 | t| | ||
| 008 | 030304s1974 mx ||||1| spa d | ||
| 100 | 1 |
_aCarranca y Rivas, Raul. _9195458 |
|
| 245 | 1 | 0 |
_aDerecho penitenciario _b: cárcel y penas en México / _cRaul carrancá y Rivas. |
| 260 |
_aMéxico : _bPorrúa, _c1974. |
||
| 300 |
_a613 p. ; _c24 cm. |
||
| 650 | 4 |
_aDerecho penal- _zMéxico. _9164594 |
|
| 852 |
_aES-MaACL _jE-344 _bR.100047 |
||
| 999 |
_c40006 _d40006 |
||